000 00726nam a22001937a 4500
999 _c166551
_d166551
005 20190729111244.0
010 _aUR-10301
020 _c400.00
_a9789388356350
035 _aU-8856
037 _bDBAD/PUB
082 _a841.08
100 _aمو لفہ : بلقيس بيگم
245 _aد يو ا ن شمس کلکتو ی (معہ مقد مہ)
_cمو لفہ : بلقيس بيگم
246 _bDeewan-e-Shams Kalkatvi(Ma Muqaddama) (Urdu)
_aEd. by Bilquis Begum
260 _a Delhi
_bEducational Publishing House
_c2018 ء
270 _a3191,Vakil Street,Kucha Pandit Lal Kuan,
_bDelhi
_e110006
_k23216162
_l0091-1123211540
300 _a276 ص
_c22 Cm(Hb)
942 _2ddc
_cUR
_h841.08
_mش م س